|
|
|
|
| LEADER |
00000nam a22000007a 4500 |
| 005 |
20191114213140.0 |
| 007 |
cr|||| |||| |
| 008 |
191114s2019 es |||||s|||| 00||0 spa d |
| 020 |
|
|
|a 978-84-1324-316-0
|
| 035 |
|
|
|a 30620
|
| 040 |
|
|
|a vLex
|
| 090 |
|
|
|c 10009
|d 10009
|
| 100 |
1 |
|
|a Soleto, Helena
|
| 245 |
1 |
0 |
|a Aportaciones sobre justicia en delitos de especial relevancia para las mujeres
|h [Recurso electrn̤ico] /
|c Helena Soleto, Melina Juan
|
| 256 |
|
|
|a Servicio en ln̕ea
|
| 260 |
|
|
|a Madrid:
|b Dykinson,
|c 2019
|
| 300 |
|
|
|a 1 recurso electrn̤ico
|
| 506 |
1 |
|
|a Disponible solo en los productos indicados
|d vLex Global
|d vLex Global (Academic Edition, excluding Law Schools)
|d vLex Global (U.S. Academic Edition, Law Schools)
|d vLex Global (U.S. Academic Edition, excluding Law Schools)
|d vLex Global (Academic Edition, Law Schools)
|
| 650 |
0 |
4 |
|a Derecho Penal
|z Espaą
|
| 700 |
1 |
|
|a Juan, Melina
|
| 740 |
0 |
|
|a vLex Libros (Servicio en ln̕ea)
|
| 856 |
4 |
0 |
|u http://vlex.com/source/aportaciones-justicia-delitos-especial-relevancia-mujeres-30620
|z Acceso restringido
|
| 942 |
|
|
|c BOOK
|
| 999 |
0 |
|
|a Criminal law
|